00493 2200181 4500245004200000020002200042250001100064100001800075700001800093650001100111650001000122005001900132260005700151041001400208084001000222300007000232336000900302 aKomik Buah AjaibcTuti AdhayatihText a978-623-118-647-8 aCet. 1 aTuti Adhayati aMantox Studio aRempah aEbook a20240902091620 aJakartabKementerian Pendidikan dan Kebudayaanc2023 aIndonesia a633.8 af Roboto, SIL. Open Font License. viii, 24 hlm :b21 x 29,7 cm ; atext